Sport and travel : (Record no. 12349)
[ view plain ]
| 000 -LEADER | |
|---|---|
| fixed length control field | 00537cam a22001932 4500 |
| 001 - CONTROL NUMBER | |
| control field | 0000000485 |
| 005 - DATE AND TIME OF LATEST TRANSACTION | |
| control field | 20151217155802.0 |
| 008 - FIXED-LENGTH DATA ELEMENTS--GENERAL INFORMATION | |
| fixed length control field | 070205s xx 000 0 eng d |
| 020 ## - INTERNATIONAL STANDARD BOOK NUMBER | |
| Terms of availability | KES |
| 040 ## - CATALOGING SOURCE | |
| Original cataloging agency | KABU |
| Transcribing agency | KABU |
| 050 #0 - LIBRARY OF CONGRESS CALL NUMBER | |
| Classification number | DT425 |
| Item number | .H56 |
| 100 1# - MAIN ENTRY--PERSONAL NAME | |
| Personal name | Hindlip, Lord. |
| -- | 0000148693 |
| 245 10 - TITLE STATEMENT | |
| Title | Sport and travel : |
| Remainder of title | Abyssinia and British East Africa / |
| Statement of responsibility, etc. | Lord Hindlip. |
| 260 ## - PUBLICATION, DISTRIBUTION, ETC. (IMPRINT) | |
| Place of publication, distribution, etc. | London : |
| Name of publisher, distributor, etc. | Fisher Unwin, |
| Date of publication, distribution, etc. | 1906. |
| 300 ## - PHYSICAL DESCRIPTION | |
| Extent | 332 p. |
| 908 ## - PUT COMMAND PARAMETER (RLIN) | |
| Put command parameter | 070205 |
| 950 ## - LOCAL HOLDINGS (RLIN) | |
| -- | 1 |
| Withdrawn status | Lost status | Source of classification or shelving scheme | Not for loan | Home library | Current library | Date acquired | Total Checkouts | Full call number | Barcode | Date last seen | Price effective from | Koha item type |
|---|---|---|---|---|---|---|---|---|---|---|---|---|
| Library of Congress Classification | Kabarak, Main Campus | Kabarak, Main Campus | 17/12/2015 | DT425 .H56 | 006501 | 17/12/2015 | 17/12/2015 | Africana Collection |